000 00424nam a2200157 i 4500
001 57862
003 ES-MaACL
005 20230906163651.0
007 t|
008 031020s1908 fr ||||1| fre d
100 1 _aDubufe, Guillaume.
_945793
245 1 3 _aLa valeur de l'art /
_cpar Guillaume Dubufe.
260 _aParis :
_b[s.n.,
_c1908] (
_fHemmerlé et Cie.)
300 _a372 p. ;
_c19 cm.
852 _aES-MaACL
_jF-6172
999 _c57862
_d57862